| 000 | 00328nam a2200133Ia 4500 | ||
|---|---|---|---|
| 008 | 230917s9999||||xx |||||||||||||| ||und|| | ||
| 040 |
_e139155 _aMAIN |
||
| 041 | _aEnglish | ||
| 082 | _a658-8 R 18 S | ||
| 100 | _aRao, K Rama Mohana | ||
| 245 | 0 | _aServices marketing | |
| 260 |
_aDelhi _bPearson Education _c2005 |
||
| 942 | _cBK | ||
| 999 |
_c138993 _d138993 |
||